000 01335nam a2200265Ia 4500
999 _c52161
_d52161
001 19168
003 GE_BSU
005 20210519140206.0
008 181216s2008||||ge |||||||||||||| ||geo||
040 _cGE_BSU
041 _ageo
080 _a81 Т-13
100 _aТаварткиладзе, С.
_910444
245 _aМедиа - тексты в культурно - семиотическом пространстве и перспективная языковая функция /
_cС. Таварткиладзе; Научн. руков. Р. Комахидзе; Батумский гос. ун-т им. Шота Руставели.
264 _aБатуми :
_bБатумский гос. ун-т им. Ш. Руставели,
_c2008.
300 _a116 стр.
_b30 см.
653 _aМедиа-тексты в культурно-семиотическом пространстве и перспективная языковая функция
653 _aЯзыкознание
653 _aდისერტაცია
653 _aენათმეცნიერება
653 _aДиссертация
700 _aКомахидзе, Р.
_eНаучн. руководитель
_910445
710 _aБатумский гос. ун-т им. Шота Руставели
_910446
942 _cBK
_2udc